00446 2200169 4500245004200000020002200042250001100064100001100075700002000086650002000106005001900126260007000145041001400215084000800229300003000237336000900267 aLayur Tetaplah BerlayarcAna YBhText a978-623-118-059-9 aCet. 1 aAna YB aNaafi Nur Rohma aFiksi Indonesia a20240902102544 aJakartabKementerian Pendidikan, Kebudayaan, Riset, dan Teknologi aIndonesia a813 a264 hlm., 13,5 × 20 cm : atext